[Event "SVR-ch MAT-II 37th"]
[Site "Heimbach Weis"]
[Date "2014.04.13"]
[Round "5"]
[White "Breuer, Yannick"]
[Black "Stau, Torsten"]
[Result "1-0"]
[WhiteElo "1755"]
[BlackElo "1726"]
[PlyCount "97"]
[EventDate "2014.04.11"]
[EventType "tourn"]
[EventRounds "9"]
[EventCountry "GER"]
[SourceTitle "CBM 160 Extra"]
[Source "ChessBase"]
[SourceDate "2014.07.01"]
[SourceVersion "1"]
[SourceVersionDate "2014.07.01"]
[SourceQuality "1"]

1. e4 e6 2. d4 d5 3. Nc3 Nf6 4. e5 Nfd7 5. f4 c5 6. Nf3 Nc6 7. Be3 a6 8. Be2 cxd4 9. Nxd4 Bb4 10. Nxc6 Bxc3+ 11. bxc3 bxc6 12. 0-0 0-0 13. Bd3 f5 14. exf6 Nxf6 15. g4 g6 16. g5 Nh5 17. Qe1 Qe7 18. Qh4 Qd6 19. Rf3 Bd7 20. Raf1 Rf7 21. Bd4 c5 22. Be5 Qe7 23. Rh3 c4 24. Be2 Qc5+ 25. Kg2 Bc6 26. Bd4 Qe7 27. Bxh5 gxh5 28. Qxh5 Be8 29. g6 Rg7 30. Bxg7 Qxg7 31. Qxh7+ Kf8 32. Qxg7+ Kxg7 33. Rb1 Bxg6 34. Rg3 Kf6 35. Rb2 Be4+ 36. Kf2 Kf5 37. Ke3 Rh8 38. h3 Rh4 39. Rg5+ Kf6 40. Rg3 Kf5 41. Rb8 Kf6 42. Rb6 Bxc2 43. Rxa6 Bf5 44. a4 Bxh3 45. Ra8 Bf5 46. a5 Rh1 47. a6 Ra1 48. Rgg8 Bc2 49. a7 1-0

[Event "SVR-ch MAT-II 29th"]
[Site "Koblenz"]
[Date "2006.04.15"]
[Round "9"]
[White "Becker, Wilhelm"]
[Black "Stau, Torsten"]
[Result "1-0"]
[WhiteElo "1995"]
[BlackElo "1971"]
[PlyCount "71"]
[EventDate "2006.04.07"]
[EventType "tourn"]
[EventRounds "9"]
[EventCountry "GER"]
[SourceTitle "EXT 2009"]
[Source "ChessBase"]
[SourceDate "2008.11.26"]
[SourceVersion "1"]
[SourceVersionDate "2008.11.26"]
[SourceQuality "1"]

1. d4 c5 2. d5 Nf6 3. c4 Ne4 4. Qc2 Qa5+ 5. Nd2 Nd6 6. b3 b5 7. Bb2 Na6 8. a3 Qb6 9. e4 f6 10. f4 Nc7 11. Ngf3 Nf7 12. Bd3 d6 13. 0-0 e5 14. dxe6 Nxe6 15. g3 Bd7 16. e5 dxe5 17. fxe5 fxe5 18. Nxe5 Nfg5 19. Nxd7 Kxd7 20. Bf5 Re8 21. h4 Qc7 22. Qd3+ Kc6 23. hxg5 Nxg5 24. cxb5+ Kb6 25. Nc4+ Kb7 26. Qd5+ Kb8 27. Be5 Rxe5 28. Qxe5 Qxe5 29. Nxe5 Bd6 30. Nc6+ Kb7 31. Kg2 Kb6 32. a4 a6 33. Bd3 Rc8 34. Rae1 axb5 35. axb5 Ra8 36. Ra1 1-0

[Event "SVR-ch MAT-II 29th"]
[Site "Koblenz"]
[Date "2006.04.14"]
[Round "8"]
[White "Stau, Torsten"]
[Black "Welsch, Dieter"]
[Result "0-1"]
[WhiteElo "1971"]
[BlackElo "1814"]
[PlyCount "52"]
[EventDate "2006.04.07"]
[EventType "tourn"]
[EventRounds "9"]
[EventCountry "GER"]
[SourceTitle "EXT 2009"]
[Source "ChessBase"]
[SourceDate "2008.11.26"]
[SourceVersion "1"]
[SourceVersionDate "2008.11.26"]
[SourceQuality "1"]

1. e4 e5 2. Nf3 Nc6 3. d4 exd4 4. Bc4 d6 5. Nxd4 Ne5 6. Be2 Nf6 7. Nc3 g6 8. Bg5 h6 9. Bh4 c6 10. h3 g5 11. Bg3 Bg7 12. 0-0 Qb6 13. Nb3 Qc7 14. Qd2 Be6 15. Nd4 0-0-0 16. Nxe6 fxe6 17. Bxe5 dxe5 18. Qe3 Rd4 19. Rad1 Rhd8 20. Rxd4 exd4 21. Qf3 dxc3 22. bxc3 Qe5 23. Bd3 h5 24. Qe3 b6 25. Rb1 Kc7 26. Rb3 Bf8 0-1

[Event "SVR-ch MAT-II 29th"]
[Site "Koblenz"]
[Date "2006.04.13"]
[Round "7"]
[White "Graf, Rodolfo"]
[Black "Stau, Torsten"]
[Result "0-1"]
[WhiteElo "1724"]
[BlackElo "1971"]
[PlyCount "58"]
[EventDate "2006.04.07"]
[EventType "tourn"]
[EventRounds "9"]
[EventCountry "GER"]
[SourceTitle "EXT 2009"]
[Source "ChessBase"]
[SourceDate "2008.11.26"]
[SourceVersion "1"]
[SourceVersionDate "2008.11.26"]
[SourceQuality "1"]

1. d4 Nf6 2. c4 e6 3. Nf3 b6 4. e3 Bb7 5. Bd3 Be7 6. 0-0 0-0 7. Nc3 d6 8. b3 Nbd7 9. Bb2 Re8 10. Qe2 e5 11. d5 Nc5 12. Bc2 Bc8 13. Nd2 Bg4 14. f3 Bh5 15. b4 Ncd7 16. Nde4 Nxe4 17. Nxe4 Bg6 18. Ng3 Bxc2 19. Qxc2 g6 20. f4 Bh4 21. Ne4 f5 22. Ng3 Nf6 23. Qc3 Bxg3 24. Rf3 Ne4 25. Qc2 Bh4 26. fxe5 dxe5 27. Rd1 Bf6 28. c5 Rc8 29. Qc4 Kg7 0-1

[Event "SVR-ch MAT-II 29th"]
[Site "Koblenz"]
[Date "2006.04.07"]
[Round "1"]
[White "Stau, Torsten"]
[Black "Kohlei, Rolf"]
[Result "0-1"]
[WhiteElo "1971"]
[BlackElo "2099"]
[PlyCount "68"]
[EventDate "2006.04.07"]
[EventType "tourn"]
[EventRounds "9"]
[EventCountry "GER"]
[SourceTitle "EXT 2009"]
[Source "ChessBase"]
[SourceDate "2008.11.26"]
[SourceVersion "1"]
[SourceVersionDate "2008.11.26"]
[SourceQuality "1"]

1. e4 g6 2. d4 Bg7 3. Nf3 c6 4. Be2 d6 5. h3 Nd7 6. 0-0 Qc7 7. Nc3 Ngf6 8. Re1 0-0 9. Be3 e5 10. Qd2 Re8 11. Bd3 b5 12. a3 a6 13. Rad1 c5 14. d5 c4 15. Bf1 Nc5 16. Bh6 Bd7 17. Bxg7 Kxg7 18. Nh4 a5 19. f3 h6 20. g4 Qd8 21. Ng2 Nh7 22. h4 Rb8 23. Kh1 f5 24. gxf5 gxf5 25. Qf2 f4 26. Be2 Nf6 27. Rg1 Kh7 28. a4 bxa4 29. Bxc4 Rxb2 30. Ne1 Nh5 31. Qh2 Rg8 32. Rxg8 Qxg8 33. Ng2 Ng3+ 34. Kg1 Rxc2 0-1

[Event "Rheinland-ch MAT-II 28th"]
[Site "Trier"]
[Date "2005.??.??"]
[Round "1"]
[White "Stau, Torsten"]
[Black "Braemigk, Uwe"]
[Result "1/2-1/2"]
[WhiteElo "1755"]
[BlackElo "2070"]
[PlyCount "110"]
[EventDate "2005.03.??"]
[EventType "tourn"]
[EventRounds "9"]
[EventCountry "GER"]
[SourceTitle "EXT 2009"]
[Source "ChessBase"]
[SourceDate "2008.11.26"]
[SourceVersion "1"]
[SourceVersionDate "2008.11.26"]
[SourceQuality "1"]

1. e4 Nf6 2. e5 Nd5 3. d4 d6 4. exd6 cxd6 5. Bb5+ Bd7 6. Bxd7+ Nxd7 7. Nf3 g6 8. 0-0 Bg7 9. c4 N5b6 10. Qe2 0-0 11. Bg5 Re8 12. Re1 Nf6 13. Nc3 Rc8 14. b3 Nbd7 15. Rad1 Qa5 16. Qd2 a6 17. Ne4 Qxd2 18. Nxf6+ Nxf6 19. Rxd2 b5 20. Rde2 bxc4 21. bxc4 Kf8 22. Rc2 d5 23. c5 Ne4 24. Bf4 h6 25. Rb1 g5 26. Be3 f5 27. g3 Rc6 28. a4 Rec8 29. a5 g4 30. Nh4 e6 31. Rb7 R8c7 32. Rxc7 Rxc7 33. Rb2 Kf7 34. Rb6 Nc3 35. c6 Ne2+ 36. Kf1 Nxd4 37. Rxa6 Nxc6 38. Bb6 Rc8 39. Ng2 e5 40. Ne3 Ke6 41. Bc5 Rc7 42. Rb6 d4 43. a6 Rc8 44. a7 Kd7 45. Rb7+ Kd8 46. Rxg7 Nxa7 47. Bxa7 Rc1+ 48. Ke2 dxe3 49. Bxe3 Rh1 50. Bxh6 Rxh2 51. Bg5+ Kc8 52. Rf7 f4 53. gxf4 g3 54. Kf1 Rxf2+ 55. Kg1 exf4 1/2-1/2

[Event "Koblenz-ch"]
[Site "Koblenz"]
[Date "2003.11.25"]
[Round "7"]
[White "Stau, Torsten"]
[Black "Kober, Jan"]
[Result "1/2-1/2"]
[WhiteElo "1737"]
[BlackElo "1547"]
[PlyCount "36"]
[EventDate "2003.09.23"]
[EventType "swiss"]
[EventRounds "7"]
[EventCountry "GER"]
[SourceTitle "EXT 2005"]
[Source "ChessBase"]
[SourceDate "2004.11.15"]
[SourceVersion "1"]
[SourceVersionDate "2004.11.15"]
[SourceQuality "1"]

1. e4 e6 2. d4 d5 3. exd5 exd5 4. Nc3 Bb4 5. Nf3 Bg4 6. Be2 Nf6 7. 0-0 0-0 8. h3 Bh5 9. Bg5 c6 10. a3 Bxc3 11. bxc3 Nbd7 12. g4 Bg6 13. Ne5 Qc7 14. Bxf6 Nxf6 15. Nxg6 hxg6 16. Bd3 Qf4 17. Kg2 Rfe8 18. Qc1 Qxc1 1/2-1/2

[Event "Koblenz-ch"]
[Site "Koblenz"]
[Date "2003.10.07"]
[Round "3"]
[White "Baumann, Bettina"]
[Black "Stau, Torsten"]
[Result "1-0"]
[WhiteElo "1594"]
[BlackElo "1737"]
[PlyCount "76"]
[EventDate "2003.09.23"]
[EventType "swiss"]
[EventRounds "7"]
[EventCountry "GER"]
[SourceTitle "EXT 2005"]
[Source "ChessBase"]
[SourceDate "2004.11.15"]
[SourceVersion "1"]
[SourceVersionDate "2004.11.15"]
[SourceQuality "1"]

1. d4 c5 2. dxc5 Nc6 3. Nf3 e6 4. Nc3 Bxc5 5. e3 d5 6. Be2 Nf6 7. 0-0 a6 8. b3 0-0 9. Bb2 b5 10. a3 Bb7 11. Bd3 Qc7 12. Ne2 e5 13. Bf5 Rad8 14. Ng3 d4 15. exd4 Nxd4 16. Nxd4 Bxd4 17. Bxd4 Rxd4 18. Qc1 Rfd8 19. Re1 Qc6 20. f3 Rd2 21. Re2 Qc3 22. Bd3 Qc5+ 23. Kf1 Rxe2 24. Nxe2 e4 25. fxe4 Bxe4 26. h3 Bxd3 27. cxd3 Qf5+ 28. Ke1 Qxd3 29. Qc3 Qe4 30. Kf1 Nd5 31. Qf3 Qe5 32. Re1 Re8 33. g3 Ne3+ 34. Kf2 Nc2 35. Rd1 Qc5+ 36. Kg2 Ne3+ 37. Kh2 Nxd1 38. h4 Qc2 1-0